| 000 | 00615nam a2200217Ia 4500 | ||
|---|---|---|---|
| 003 | LK-CoDNM | ||
| 008 | 010623t1930 xxu||||| |||| 00| 1 eng d | ||
| 040 |
_aLK-CoDNM _dLK-CoDNM _eLK-CoDNM |
||
| 041 | _aeng | ||
| 080 | _a930.26(540) IND | ||
| 245 | _aAnnual Report of the Archaeological Department of his Exalted Highness Nizam's Dominions(1927-1928) | ||
| 260 |
_bArchaeological Department _aCalcutta _c1930 |
||
| 300 | _bX,55P,Pl,ill., 32 cm | ||
| 650 | _aConservations | ||
| 650 | _aEpigraphy | ||
| 650 | _aLibrary | ||
| 650 | _aNumismatics | ||
| 650 | _aPublications | ||
| 650 | _aTours | ||
| 942 | _cBK | ||
| 999 |
_c95150 _d95150 |
||